Arthur Cotton Moore (Record no. 2169)

MARC details
000 - LÍDER
campo de control de longitud fija 00731nam a2200193Ia 4500
008 - ELEMENTOS DE DATOS DE LONGITUD FIJA - INFORMACIÓN GENERAL
campo de control de longitud fija 0000001992 fr a 0000000000eng00
090 ## - NÚMERO DE LLAMADA DE TIPO LC LOCALMENTE ASIGNADO (OCLC)
Número de clasificación (OCLC) (R) PUS00 C67a
110 1# - ENTRADA PRINCIPAL - NOMBRE CORPORATIVO
Nombre corporativo o nombre de jurisdicción como elemento de entrada Cotton Moore, Arthur, 1935
245 10 - TÍTULO DECLARACIÓN
Título Arthur Cotton Moore
Resto del título : urban stories
260 ## - PUBLICACIÓN, DISTRIBUCIÓN
Lugar de publicación Paris: Galerie Gasnier Kamien
Fecha de publicación 1992
300 ## - DESCRIPCIÓN FÍSICA
Alcance [4] p.
Dimensiones / 28 cm.
500 ## - NOTA GENERAL
Nota general Exposición realizada en Galerie Gasnier Kamien, Paris \ Con el patronazgo del maestro venezolano Jesús Rafael Soto (q.e.p.d.)
600 00 - ENTRADA DE SUJETO AÑADIDO - NOMBRE PERSONAL
Nombre de la persona MOORE, ARTHUR COTTON, 1935/
Subdivisión general TRABAJOS PICTORICOS
650 14 - ENTRADA DE SUJETO AÑADIDO - TÉRMINO TÓPICO
Término tópico o elemento de entrada del nombre geográfico ARTE CONTEMPORANEO ESTADOUNIDENSE
650 14 - ENTRADA DE SUJETO AÑADIDO - TÉRMINO TÓPICO
Subdivisión general CATALOGOS
650 14 - ENTRADA DE SUJETO AÑADIDO - TÉRMINO TÓPICO
Subdivisión general EXPOSICIONES
650 14 - ENTRADA DE SUJETO AÑADIDO - TÉRMINO TÓPICO
Término tópico o elemento de entrada del nombre geográfico PINTORES ESTADOUNIDENSES
650 14 - ENTRADA DE SUJETO AÑADIDO - TÉRMINO TÓPICO
Término tópico o elemento de entrada del nombre geográfico PINTURA ESTADOUNIDENSE
Holdings
Estado de retirada Pérdida de estatus Estado dañado No para préstamo Código de recogida Ubicación permanente Ubicación actual Ubicación de las estanterías Fecha de adquisición Número de llamada completo Código de barras Fecha de la última vez que se vio Número de copia Precio efectivo desde Tipo de artículo Koha
        General ArtNexus ArtNexus General 06/09/2022 P-US-00 C67A 2169 06/09/2022 Ej.1 06/09/2022 Libro

Powered by Koha